| 000 | 01380cam a2200373 a 4500 | ||
|---|---|---|---|
| 003 | CHAP | ||
| 005 | 20220329142937.0 | ||
| 008 | 050331d2004 mx a r 00110 spa d | ||
| 010 | _a89925 | ||
| 011 | _a90897 | ||
| 020 | _a9685580189 | ||
| 035 | _a101454 | ||
| 040 | _cCHAP | ||
| 082 | 0 | 4 |
_a635.347 _bR6 |
| 100 | 0 | 0 |
_aRosales Serna, Rigoberto. _999941 |
| 245 | 1 | 4 |
_aVariedades mejorada de frijol del instituto nacional de investigaciones forestales, agrícolas y Pecuarias _c/por Rigoberto Rosales Serna [y otros] |
| 260 |
_aChapingo, Méx. : _bINIFAP. Campo Experimental Valle de México. Chapingo, _c2004. |
||
| 300 |
_a148 p. : _bilus.; |
||
| 410 | 0 | 0 | _aINIFAP. Campo Experimental Valle de México |
| 490 | 0 |
_aLibro técnico _v; 6 |
|
| 590 |
_aBATCH-UPD _b10 _c20130110 _lUCH01 _h0644 |
||
| 590 |
_aBATCH-UPD _b10 _c20130410 _lUCH01 _h0328 |
||
| 590 |
_aBATCH-UPD _b10 _c20130914 _lUCH01 _h1443 |
||
| 590 |
_aCONVERSION _b10 _c20130109 _lUCH01 _h1350 |
||
| 650 | 1 | 4 |
_aFrijol _xRendimiento. _943429 |
| 650 | 1 | 4 |
_aFrijol _xVariedades. _943446 |
| 810 | 0 | 0 |
_aINIFAP. Campo Experimental Valle de México _958686 |
| 830 | 0 |
_aLibro técnico _v; 6 _966654 |
|
| 901 | _aBK | ||
| 905 | _aElisama A.H. | ||
| 942 | _cLIBRO | ||
| 949 |
_a635.347 R6 _bBC _cLIBRO _d33724000928420 _eLIBRO _fc.2 _h101814 _i101454 _si |
||
| 949 |
_a635.347 R6 _bBC _cLIBRO _d33724000928487 _eLIBRO _h101813 _i101454 _si |
||
| 999 |
_c89925 _d89925 |
||